00663 2200253 4500001002100000005001700021008004100038020002200079035002400101041000800125043001300133082001000146090002100156100002500177245004300202250001000245260002700255300002500282534001200307650003500319700001500354850001200369999002800381YOGYA-0711000000083520110718082615.0 ind  a978-979-29-1857-1 0010-071100000000835 aInd aYOPD DIY a248.4 aDEP 248.4bDau J aDaugherty, Billy Joe aJangan Kamu TakutcBilly Joe Daugherty aCet 1 aYogyakartabAndic2010 aVIII, 188 hlmc23 cm aNo Fear aKehidupan Beragama ( Kristen ) aThe, Johny aYOPDYOG aCB - D.11 - 2010 - 1822